00464nam a2200169 a 450000500170000000800410001702000180005805000230007610000200009924500320011926000630015130000210021444000190023552100080025465000140026270000180027620140310183441.0080509s19uu xx 00 eng d a9780826487483 aRC 372b.P247 2006 aParkinson, Gill aEpilepsy /cGill Parkinson. aLondon :bContinuum International Publishing Group,c2006. a122 p. :c20 cm. aThe SEN series aEDU aEpilepsy. aJohnson, Mike